000 00526nam a2200133Ia 4500
008 100328s9999 xx 000 0 und d
082 _b54176
100 _aकृष्णगोविंद
245 _aपाणी काढण्याची यांत्रिक साधने
260 _bउदयम
630 _aपाणी काढण्याची यांत्रिक साधने
730 _aपाणी काढण्याची यांत्रिक साधने
942 _cBOOK
999 _c540899
_d540896